[Event "Budimex Polish Women's Championship"]
[Site "www.chessmanager.com"]
[Date "2018.05.13"]
[Round "2"]
[White "Szczepkowska, Karina"]
[Black "Kulon, Klaudia"]
[Result "1-0"]
[Board "3"]
[WhiteElo "2404"]
[WhiteTitle "IM"]
[WhiteCountry "POL"]
[WhiteFideId "1122681"]
[WhiteEloChange "4"]
[BlackElo "2353"]
[BlackTitle "WGM"]
[BlackCountry "POL"]
[BlackFideId "1131044"]
[BlackEloChange "-9"]

1. d4 {[%clk 1:30:58]} f5 {[%clk 1:30:56]} 2. c4 {[%clk 1:31:00]} g6 {[%clk
1:31:03]} 3. g3 {[%clk 1:27:54]} Nf6 {[%clk 1:31:27]} 4. Bg2 {[%clk 1:28:07]} Bg7
{[%clk 1:31:51]} 5. Nf3 {[%clk 1:24:50]} O-O {[%clk 1:30:37]} 6. O-O {[%clk
1:25:01]} d6 {[%clk 1:29:51]} 7. Nc3 {[%clk 1:21:21]} Nc6 {[%clk 1:28:19]} 8. d5
{[%clk 1:16:01]} Na5 {[%clk 1:25:54]} 9. b3 {[%clk 1:14:08]} c5 {[%clk 1:17:17]}
10. Rb1 {[%clk 1:08:39]} a6 {[%clk 1:15:38]} 11. Ng5 {[%clk 0:57:54]} Rb8 {[%clk
1:10:58]} 12. e4 {[%clk 0:53:12]} b5 {[%clk 1:06:24]} 13. cxb5 {[%clk 0:50:51]}
axb5 {[%clk 1:06:48]} 14. exf5 {[%clk 0:42:31]} Bxf5 {[%clk 1:06:28]} 15. Ne6
{[%clk 0:40:35]} Bxe6 {[%clk 1:06:53]} 16. dxe6 {[%clk 0:41:02]} Qc8 {[%clk
1:02:35]} 17. Nd5 {[%clk 0:39:36]} Nxd5 {[%clk 1:02:15]} 18. Bxd5 {[%clk
0:38:29]} Nc6 {[%clk 1:02:21]} 19. h4 {[%clk 0:30:57]} Nb4 {[%clk 1:00:29]} 20.
Bg2 {[%clk 0:26:35]} Nxa2 {[%clk 0:55:36]} 21. Bb2 {[%clk 0:24:52]} Nc3 {[%clk
0:55:38]} 22. Bxc3 {[%clk 0:21:43]} Bxc3 {[%clk 0:56:06]} 23. h5 {[%clk 0:19:26]}
Rf5 {[%clk 0:52:05]} 24. hxg6 {[%clk 0:19:08]} hxg6 {[%clk 0:52:30]} 25. Bh3
{[%clk 0:14:10]} Rf6 {[%clk 0:52:53]} 26. Qd3 {[%clk 0:13:56]} Bd4 {[%clk
0:52:38]} 27. Rbe1 {[%clk 0:14:06]} Kg7 {[%clk 0:51:37]} 28. Re2 {[%clk 0:13:23]}
Qc6 {[%clk 0:43:44]} 29. Bg2 {[%clk 0:13:07]} Qb6 {[%clk 0:44:03]} 30. Bd5 {[%clk
0:11:53]} Rh8 {[%clk 0:40:36]} 31. Kg2 {[%clk 0:10:36]} Rh5 {[%clk 0:39:18]} 32.
Bf3 {[%clk 0:07:44]} Rg5 {[%clk 0:28:22]} 33. Rh1 {[%clk 0:05:14]} c4 {[%clk
0:24:49]} 34. Qe4 {[%clk 0:03:32]} Rxf3 {[%clk 0:17:21]} 35. Qxf3 {[%clk
0:01:26]} Rf5 {[%clk 0:17:47]} 36. Qa8 {[%clk 0:00:54]} Rf8 {[%clk 0:18:12]} 37.
Qe4 {[%clk 0:01:17]} cxb3 {[%clk 0:09:42]} 38. f3 {[%clk 0:01:22]} Rf5 {[%clk
0:06:28]} 39. Qh4 {[%clk 0:01:36]} Kf8 {[%clk 0:06:54]} 40. Qh6+ {[%clk 0:30:59]}
Bg7 {[%clk 0:37:22]} 41. Qxg6 {[%clk 0:29:59]} Rf6 {[%clk 0:37:37]} 42. Qe4
{[%clk 0:24:56]} Bh6 {[%clk 0:32:01]} 43. Qa8+ {[%clk 0:18:48]} Kg7 {[%clk
0:32:30]} 44. Qe8 {[%clk 0:19:00]} Qc7 {[%clk 0:31:40]} 45. Qd7 {[%clk 0:08:14]}
Qc3 {[%clk 0:31:47]} 46. Qxe7+ {[%clk 0:08:29]} Kg6 {[%clk 0:27:21]} 47. Qb7
{[%clk 0:07:17]} Rf8 {[%clk 0:24:00]} 48. Qe4+ {[%clk 0:06:59]} Kg7 {[%clk
0:24:19]} 49. e7 {[%clk 0:06:47]} Re8 {[%clk 0:24:45]} 50. Qg4+ {[%clk 0:06:43]}
Kh7 {[%clk 0:25:09]} 51. Qh5 {[%clk 0:06:23]} 1-0

[Event "Budimex Polish Women's Championship"]
[Site "www.chessmanager.com"]
[Date "2018.05.13"]
[Round "2"]
[White "Bartel, Marta"]
[Black "Kubicka, Anna"]
[Result "1/2-1/2"]
[Board "4"]
[WhiteElo "2280"]
[WhiteTitle "WGM"]
[WhiteCountry "POL"]
[WhiteFideId "1123009"]
[WhiteEloChange "-2"]
[BlackElo "2219"]
[BlackTitle "WIM"]
[BlackCountry "POL"]
[BlackFideId "1152254"]
[BlackEloChange "2"]

1. d4 {[%clk 1:30:53]} Nf6 {[%clk 1:30:44]} 2. c4 {[%clk 1:31:06]} g6 {[%clk
1:31:05]} 3. Nc3 {[%clk 1:31:14]} Bg7 {[%clk 1:31:21]} 4. Nf3 {[%clk 1:31:18]}
O-O {[%clk 1:31:37]} 5. e4 {[%clk 1:31:43]} d6 {[%clk 1:31:59]} 6. Be2 {[%clk
1:31:59]} e5 {[%clk 1:32:15]} 7. O-O {[%clk 1:31:56]} Nc6 {[%clk 1:32:31]} 8. d5
{[%clk 1:32:12]} Ne7 {[%clk 1:32:53]} 9. a4 {[%clk 1:32:21]} a5 {[%clk 1:32:10]}
10. Ne1 {[%clk 1:32:24]} Ne8 {[%clk 1:31:58]} 11. Nd3 {[%clk 1:32:08]} f5 {[%clk
1:31:38]} 12. f3 {[%clk 1:32:08]} b6 {[%clk 1:25:19]} 13. b3 {[%clk 1:17:52]} Nf6
{[%clk 1:22:32]} 14. Bd2 {[%clk 1:11:20]} Bd7 {[%clk 1:19:33]} 15. g4 {[%clk
1:04:08]} fxg4 {[%clk 1:15:29]} 16. fxg4 {[%clk 1:04:21]} h6 {[%clk 1:10:49]} 17.
g5 {[%clk 0:56:42]} hxg5 {[%clk 1:09:13]} 18. Nf2 {[%clk 0:48:08]} Nh7 {[%clk
0:59:19]} 19. Ng4 {[%clk 0:41:35]} Rxf1+ {[%clk 0:48:42]} 20. Qxf1 {[%clk
0:41:24]} Kh8 {[%clk 0:48:52]} 21. Qg2 {[%clk 0:33:32]} Ng8 {[%clk 0:48:08]} 22.
Rf1 {[%clk 0:32:59]} Qe7 {[%clk 0:43:04]} 23. Nd1 {[%clk 0:29:31]} Rf8 {[%clk
0:34:52]} 24. Rxf8 {[%clk 0:28:33]} Qxf8 {[%clk 0:34:00]} 25. Ndf2 {[%clk
0:26:49]} Qe8 {[%clk 0:27:49]} 26. Be3 {[%clk 0:20:19]} Qf7 {[%clk 0:20:52]} 27.
Nh3 {[%clk 0:18:03]} Qe7 {[%clk 0:19:05]} 28. Nhf2 {[%clk 0:11:46]} Qf8 {[%clk
0:18:12]} 29. Bd2 {[%clk 0:11:15]} Qe8 {[%clk 0:17:49]} 30. Be3 {[%clk 0:07:17]}
Qf8 {[%clk 0:17:54]} 1/2-1/2

[Event "Budimex Polish Women's Championship"]
[Site "www.chessmanager.com"]
[Date "2018.05.13"]
[Round "2"]
[White "Socko, Monika"]
[Black "Warakomska, Anna"]
[Result "1/2-1/2"]
[Board "5"]
[WhiteElo "2458"]
[WhiteTitle "GM"]
[WhiteCountry "POL"]
[WhiteFideId "1106619"]
[WhiteEloChange "-2"]
[BlackElo "2295"]
[BlackTitle "WIM"]
[BlackCountry "POL"]
[BlackFideId "1130790"]
[BlackEloChange "4"]

1. e4 {[%clk 1:30:58]} e5 {[%clk 1:30:29]} 2. Nf3 {[%clk 1:31:25]} Nc6 {[%clk
1:30:54]} 3. Bb5 {[%clk 1:31:50]} a6 {[%clk 1:31:17]} 4. Bxc6 {[%clk 1:32:16]}
dxc6 {[%clk 1:31:41]} 5. O-O {[%clk 1:32:41]} Bg4 {[%clk 1:31:27]} 6. h3 {[%clk
1:33:06]} h5 {[%clk 1:31:42]} 7. d3 {[%clk 1:33:31]} Qf6 {[%clk 1:31:58]} 8. Nbd2
{[%clk 1:33:42]} g5 {[%clk 1:30:58]} 9. Re1 {[%clk 1:20:52]} Be6 {[%clk 1:24:47]}
10. d4 {[%clk 1:16:28]} g4 {[%clk 1:14:44]} 11. Nxe5 {[%clk 1:12:05]} O-O-O
{[%clk 1:11:05]} 12. c3 {[%clk 1:04:43]} c5 {[%clk 0:55:14]} 13. d5 {[%clk
0:57:00]} Qxe5 {[%clk 0:52:52]} 14. dxe6 {[%clk 0:57:27]} Qxe6 {[%clk 0:44:11]}
15. h4 {[%clk 0:57:50]} Ne7 {[%clk 0:38:51]} 16. Qe2 {[%clk 0:56:42]} Ng6 {[%clk
0:38:50]} 17. Nb3 {[%clk 0:49:09]} Ne5 {[%clk 0:34:45]} 18. Rd1 {[%clk 0:46:20]}
Rxd1+ {[%clk 0:32:05]} 19. Qxd1 {[%clk 0:46:41]} Be7 {[%clk 0:32:29]} 20. Bf4
{[%clk 0:38:18]} Rd8 {[%clk 0:32:01]} 21. Qe2 {[%clk 0:38:39]} Ng6 {[%clk
0:27:04]} 22. Qe3 {[%clk 0:37:00]} Qc4 {[%clk 0:26:53]} 23. Bg3 {[%clk 0:30:20]}
Rd3 {[%clk 0:12:15]} 24. Qh6 {[%clk 0:27:14]} Qxe4 {[%clk 0:11:08]} 25. Qxh5
{[%clk 0:26:23]} b6 {[%clk 0:10:33]} 26. Rf1 {[%clk 0:22:29]} Kb7 {[%clk
0:09:50]} 27. Qh6 {[%clk 0:19:20]} Rd8 {[%clk 0:08:19]} 28. h5 {[%clk 0:17:48]}
Ne5 {[%clk 0:06:33]} 29. Qe3 {[%clk 0:17:36]} Qxe3 {[%clk 0:06:07]} 30. fxe3
{[%clk 0:18:04]} f6 {[%clk 0:05:02]} 31. Bxe5 {[%clk 0:16:59]} fxe5 {[%clk
0:05:30]} 32. Kf2 {[%clk 0:17:23]} c4 {[%clk 0:03:52]} 33. Nc1 {[%clk 0:16:18]}
Rd2+ {[%clk 0:03:48]} 34. Kg3 {[%clk 0:15:48]} Bg5 {[%clk 0:04:11]} 35. Rh1
{[%clk 0:10:18]} Bh6 {[%clk 0:02:22]} 36. Kxg4 {[%clk 0:09:35]} Rxg2+ {[%clk
0:02:34]} 37. Kf5 {[%clk 0:09:48]} Rxb2 {[%clk 0:01:49]} 38. Kxe5 {[%clk
0:03:27]} Rc2 {[%clk 0:00:59]} 39. Kd4 {[%clk 0:01:29]} b5 {[%clk 0:01:25]} 40.
a4 {[%clk 0:31:32]} c5+ {[%clk 0:30:48]} 41. Kd5 {[%clk 0:23:25]} Rxc3 {[%clk
0:27:23]} 42. axb5 {[%clk 0:21:44]} axb5 {[%clk 0:27:02]} 43. Kxc5 {[%clk
0:21:11]} Bxe3+ {[%clk 0:12:25]} 44. Kxb5 {[%clk 0:20:56]} Bxc1 {[%clk 0:12:24]}
45. h6 {[%clk 0:20:55]} Bxh6 {[%clk 0:10:42]} 46. Rxh6 {[%clk 0:21:22]} Rc1
{[%clk 0:10:46]} 47. Kb4 {[%clk 0:21:42]} c3 {[%clk 0:10:54]} 1/2-1/2

[Event "Budimex Polish Women's Championship"]
[Site "www.chessmanager.com"]
[Date "2018.05.14"]
[Round "3"]
[White "Warakomska, Anna"]
[Black "Majdan, Joanna"]
[Result "1-0"]
[Board "1"]
[WhiteElo "2295"]
[WhiteTitle "WIM"]
[WhiteCountry "POL"]
[WhiteFideId "1130790"]
[WhiteEloChange "12"]
[BlackElo "2369"]
[BlackTitle "WGM"]
[BlackCountry "POL"]
[BlackFideId "1121979"]
[BlackEloChange "-12"]

1. e4 {[%clk 1:30:48]} c5 {[%clk 1:30:53]} 2. Nf3 {[%clk 1:31:03]} Nc6 {[%clk
1:31:17]} 3. Nc3 {[%clk 1:30:55]} d6 {[%clk 1:29:26]} 4. d4 {[%clk 1:30:24]} cxd4
{[%clk 1:29:52]} 5. Nxd4 {[%clk 1:30:50]} Nf6 {[%clk 1:30:19]} 6. Bg5 {[%clk
1:30:48]} e6 {[%clk 1:30:43]} 7. Qd2 {[%clk 1:30:51]} a6 {[%clk 1:31:07]} 8.
O-O-O {[%clk 1:30:44]} Bd7 {[%clk 1:31:32]} 9. f4 {[%clk 1:30:26]} h6 {[%clk
1:25:40]} 10. Bh4 {[%clk 1:27:57]} g5 {[%clk 1:25:58]} 11. fxg5 {[%clk 1:27:50]}
Ng4 {[%clk 1:26:24]} 12. Be2 {[%clk 1:26:41]} Nge5 {[%clk 1:26:22]} 13. Nf3
{[%clk 1:25:44]} Be7 {[%clk 1:26:48]} 14. Bf2 {[%clk 1:25:22]} hxg5 {[%clk
1:26:46]} 15. Na4 {[%clk 1:22:38]} Nxf3 {[%clk 1:19:36]} 16. gxf3 {[%clk
1:15:29]} b5 {[%clk 1:11:52]} 17. Nb6 {[%clk 1:14:57]} Rb8 {[%clk 1:11:45]} 18.
Nxd7 {[%clk 1:15:08]} Kxd7 {[%clk 1:10:52]} 19. Bg3 {[%clk 1:08:21]} Kc7 {[%clk
1:02:16]} 20. Kb1 {[%clk 1:04:59]} Qd7 {[%clk 0:57:36]} 21. c4 {[%clk 0:56:39]}
bxc4 {[%clk 0:48:09]} 22. Qc3 {[%clk 0:55:12]} Qc8 {[%clk 0:41:37]} 23. Bxc4
{[%clk 0:49:53]} Qb7 {[%clk 0:39:28]} 24. Bb3 {[%clk 0:42:23]} Qb4 {[%clk
0:36:23]} 25. Qg7 {[%clk 0:37:17]} Rbf8 {[%clk 0:35:31]} 26. Rc1 {[%clk 0:26:22]}
Rhg8 {[%clk 0:32:59]} 27. Qc3 {[%clk 0:26:28]} Qxc3 {[%clk 0:33:25]} 28. Rxc3
{[%clk 0:26:53]} Kb7 {[%clk 0:33:19]} 29. Rd1 {[%clk 0:23:58]} Rd8 {[%clk
0:30:31]} 30. Ba4 {[%clk 0:21:51]} Nb8 {[%clk 0:26:09]} 31. Rb3+ {[%clk 0:20:39]}
Ka8 {[%clk 0:26:25]} 32. Rb6 {[%clk 0:19:23]} Rh8 {[%clk 0:23:48]} 33. Rd3 {[%clk
0:16:27]} Rc8 {[%clk 0:23:12]} 34. Rdb3 {[%clk 0:12:14]} Rc7 {[%clk 0:21:13]} 35.
a3 {[%clk 0:08:11]} Rhc8 {[%clk 0:14:44]} 36. Bf2 {[%clk 0:06:00]} Rc4 {[%clk
0:12:45]} 37. Bd7 {[%clk 0:02:20]} Rd8 {[%clk 0:12:55]} 38. Rb7 {[%clk 0:02:18]}
Rc5 {[%clk 0:13:21]} 39. Bxc5 {[%clk 0:02:20]} 1-0

[Event "Budimex Polish Women's Championship"]
[Site "www.chessmanager.com"]
[Date "2018.05.14"]
[Round "3"]
[White "Kubicka, Anna"]
[Black "Socko, Monika"]
[Result "0-1"]
[Board "2"]
[WhiteElo "2219"]
[WhiteTitle "WIM"]
[WhiteCountry "POL"]
[WhiteFideId "1152254"]
[WhiteEloChange "-4"]
[BlackElo "2458"]
[BlackTitle "GM"]
[BlackCountry "POL"]
[BlackFideId "1106619"]
[BlackEloChange "2"]

1. e4 {[%clk 1:30:48]} e6 {[%clk 1:30:56]} 2. d4 {[%clk 1:31:09]} d5 {[%clk
1:31:22]} 3. Nd2 {[%clk 1:31:31]} Be7 {[%clk 1:31:41]} 4. Ngf3 {[%clk 1:31:51]}
Nf6 {[%clk 1:31:37]} 5. e5 {[%clk 1:32:13]} Nfd7 {[%clk 1:32:03]} 6. Bd3 {[%clk
1:32:29]} c5 {[%clk 1:32:29]} 7. c3 {[%clk 1:32:50]} b6 {[%clk 1:32:56]} 8. Qe2
{[%clk 1:32:55]} a5 {[%clk 1:32:29]} 9. Bb5 {[%clk 1:33:00]} Bb7 {[%clk 1:26:54]}
10. O-O {[%clk 1:31:45]} O-O {[%clk 1:22:33]} 11. a4 {[%clk 1:29:11]} Na6 {[%clk
1:19:55]} 12. Nb1 {[%clk 1:29:15]} Nc7 {[%clk 1:18:26]} 13. Na3 {[%clk 1:20:52]}
Nxb5 {[%clk 1:12:47]} 14. axb5 {[%clk 1:17:22]} Rc8 {[%clk 1:04:23]} 15. Bf4
{[%clk 1:10:19]} Re8 {[%clk 1:01:50]} 16. Qe3 {[%clk 1:03:39]} h6 {[%clk
1:00:10]} 17. g4 {[%clk 0:53:47]} Nf8 {[%clk 0:56:34]} 18. Bg3 {[%clk 0:47:08]}
Rc7 {[%clk 0:51:28]} 19. Qe2 {[%clk 0:36:33]} Qd7 {[%clk 0:45:49]} 20. Bh4 {[%clk
0:32:24]} g5 {[%clk 0:36:27]} 21. Bg3 {[%clk 0:32:36]} Ng6 {[%clk 0:36:54]} 22.
Kg2 {[%clk 0:25:50]} Kg7 {[%clk 0:33:45]} 23. Rh1 {[%clk 0:25:13]} Qd8 {[%clk
0:33:49]} 24. Nc2 {[%clk 0:24:04]} Bc8 {[%clk 0:34:16]} 25. dxc5 {[%clk 0:13:52]}
bxc5 {[%clk 0:33:54]} 26. Rxa5 {[%clk 0:13:32]} Bb7 {[%clk 0:30:55]} 27. Rd1
{[%clk 0:13:18]} Rd7 {[%clk 0:26:16]} 28. Ra4 {[%clk 0:12:17]} Qb6 {[%clk
0:26:39]} 29. Kg1 {[%clk 0:11:50]} Red8 {[%clk 0:24:03]} 30. b4 {[%clk 0:08:25]}
d4 {[%clk 0:16:48]} 31. cxd4 {[%clk 0:02:27]} cxd4 {[%clk 0:16:01]} 32. Nfe1
{[%clk 0:01:26]} d3 {[%clk 0:14:51]} 33. Rxd3 {[%clk 0:01:23]} Qxb5 {[%clk
0:13:22]} 34. Ra5 {[%clk 0:01:26]} Qc6 {[%clk 0:11:53]} 35. f3 {[%clk 0:01:36]}
Ba6 {[%clk 0:10:13]} 36. Rxa6 {[%clk 0:00:41]} Qxa6 {[%clk 0:10:42]} 37. Re3
{[%clk 0:00:51]} Qb6 {[%clk 0:09:24]} 38. Qf2 {[%clk 0:00:33]} Bxb4 {[%clk
0:07:32]} 39. Rb3 {[%clk 0:00:34]} Qxf2+ {[%clk 0:07:55]} 40. Kxf2 {[%clk
0:30:40]} Bc5+ {[%clk 0:37:07]} 41. Kf1 {[%clk 0:30:47]} Rd2 {[%clk 0:36:21]} 42.
Rb5 {[%clk 0:30:43]} R8d5 {[%clk 0:35:21]} 43. Nb4 {[%clk 0:26:31]} Bxb4 {[%clk
0:35:25]} 44. Rxb4 {[%clk 0:26:56]} Nxe5 {[%clk 0:35:07]} 45. Re4 {[%clk
0:27:19]} Nd3 {[%clk 0:34:38]} 46. h4 {[%clk 0:27:04]} Nxe1 {[%clk 0:34:31]} 47.
Bxe1 {[%clk 0:27:29]} Rc2 {[%clk 0:34:24]} 48. hxg5 {[%clk 0:27:27]} hxg5 {[%clk
0:34:52]} 49. Re3 {[%clk 0:25:15]} Rd1 {[%clk 0:34:21]} 50. Re5 {[%clk 0:24:53]}
Kg6 {[%clk 0:33:32]} 51. Re3 {[%clk 0:25:20]} Ra2 {[%clk 0:33:23]} 52. Kg1 {[%clk
0:24:10]} Rad2 {[%clk 0:32:00]} 53. Re5 {[%clk 0:23:57]} Kf6 {[%clk 0:30:55]} 54.
Re4 {[%clk 0:24:12]} Ke7 {[%clk 0:31:09]} 55. Kf1 {[%clk 0:23:54]} Kd6 {[%clk
0:30:56]} 56. Kg1 {[%clk 0:23:51]} Rc2 {[%clk 0:30:22]} 57. Re3 {[%clk 0:23:44]}
Kd5 {[%clk 0:30:21]} 58. Kf1 {[%clk 0:23:49]} Kd4 {[%clk 0:30:32]} 59. Re4+
{[%clk 0:23:09]} Kd3 {[%clk 0:30:38]} 60. Re5 {[%clk 0:23:12]} Rcc1 {[%clk
0:30:55]} 61. Kf2 {[%clk 0:21:22]} Rxe1 {[%clk 0:29:58]} 0-1

[Event "Budimex Polish Women's Championship"]
[Site "www.chessmanager.com"]
[Date "2018.05.14"]
[Round "3"]
[White "Kulon, Klaudia"]
[Black "Bartel, Marta"]
[Result "1/2-1/2"]
[Board "3"]
[WhiteElo "2353"]
[WhiteTitle "WGM"]
[WhiteCountry "POL"]
[WhiteFideId "1131044"]
[WhiteEloChange "-2"]
[BlackElo "2280"]
[BlackTitle "WGM"]
[BlackCountry "POL"]
[BlackFideId "1123009"]
[BlackEloChange "2"]

1. d4 {[%clk 1:30:56]} d5 {[%clk 1:30:49]} 2. Bg5 {[%clk 1:31:18]} Nf6 {[%clk
1:29:37]} 3. e3 {[%clk 1:31:16]} e6 {[%clk 1:29:32]} 4. Nd2 {[%clk 1:30:10]} Be7
{[%clk 1:29:50]} 5. Bd3 {[%clk 1:29:58]} Nbd7 {[%clk 1:25:13]} 6. f4 {[%clk
1:29:45]} c5 {[%clk 1:22:06]} 7. c3 {[%clk 1:30:10]} b6 {[%clk 1:21:48]} 8. Ngf3
{[%clk 1:29:55]} Bb7 {[%clk 1:21:14]} 9. Ne5 {[%clk 1:24:08]} O-O {[%clk
1:02:01]} 10. Nxd7 {[%clk 1:22:48]} Qxd7 {[%clk 1:00:20]} 11. Bxf6 {[%clk
1:23:01]} Bxf6 {[%clk 0:59:59]} 12. Nf3 {[%clk 1:23:03]} Qc8 {[%clk 0:47:05]} 13.
h4 {[%clk 1:14:42]} g6 {[%clk 0:42:00]} 14. h5 {[%clk 0:58:28]} Ba6 {[%clk
0:38:14]} 15. Bc2 {[%clk 0:58:39]} cxd4 {[%clk 0:34:10]} 16. exd4 {[%clk
0:59:01]} Qc4 {[%clk 0:33:29]} 17. Qd2 {[%clk 0:58:15]} Rac8 {[%clk 0:29:36]} 18.
g3 {[%clk 0:54:02]} Rfe8 {[%clk 0:20:52]} 19. a3 {[%clk 0:53:15]} Kf8 {[%clk
0:17:40]} 20. Ne5 {[%clk 0:49:47]} Bxe5 {[%clk 0:09:44]} 21. fxe5 {[%clk
0:50:03]} Ke7 {[%clk 0:09:35]} 22. hxg6 {[%clk 0:48:21]} hxg6 {[%clk 0:09:59]}
23. O-O-O {[%clk 0:48:10]} Kd7 {[%clk 0:08:50]} 24. Kb1 {[%clk 0:41:31]} Re7
{[%clk 0:08:34]} 25. Rh7 {[%clk 0:41:00]} Qe2 {[%clk 0:06:46]} 26. Qf4 {[%clk
0:36:10]} Rf8 {[%clk 0:05:58]} 27. b3 {[%clk 0:35:17]} Kc8 {[%clk 0:04:06]} 28.
Kb2 {[%clk 0:31:37]} Rc7 {[%clk 0:03:49]} 29. g4 {[%clk 0:29:45]} Kb8 {[%clk
0:03:48]} 30. Rh2 {[%clk 0:28:56]} Qb5 {[%clk 0:03:34]} 31. Bxg6 {[%clk 0:26:49]}
Qa5 {[%clk 0:01:29]} 32. b4 {[%clk 0:26:39]} Qa4 {[%clk 0:01:48]} 33. Bc2 {[%clk
0:27:03]} Qc6 {[%clk 0:02:04]} 34. Rh3 {[%clk 0:26:19]} Bb5 {[%clk 0:01:23]} 35.
Ra1 {[%clk 0:23:29]} Ba4 {[%clk 0:00:50]} 36. Qd2 {[%clk 0:22:17]} Rg8 {[%clk
0:01:00]} 37. Rg1 {[%clk 0:18:12]} Rgc8 {[%clk 0:01:02]} 38. Bb1 {[%clk 0:14:57]}
a5 {[%clk 0:00:46]} 39. Rf3 {[%clk 0:15:10]} Bb5 {[%clk 0:00:43]} 40. Rg2 {[%clk
0:44:36]} axb4 {[%clk 0:30:36]} 41. cxb4 {[%clk 0:44:11]} Ba4 {[%clk 0:24:09]}
42. Rgg3 {[%clk 0:31:44]} Qb5 {[%clk 0:18:59]} 43. Rc3 {[%clk 0:26:03]} Rxc3
{[%clk 0:17:52]} 44. Rxc3 {[%clk 0:26:31]} Rxc3 {[%clk 0:18:18]} 45. Qxc3 {[%clk
0:26:56]} Qe2+ {[%clk 0:18:43]} 46. Bc2 {[%clk 0:27:23]} Bxc2 {[%clk 0:17:07]}
47. Qxc2 {[%clk 0:27:51]} Qxg4 {[%clk 0:17:29]} 48. Qd2 {[%clk 0:28:04]} Qf3
{[%clk 0:16:26]} 49. a4 {[%clk 0:28:07]} Kb7 {[%clk 0:15:13]} 50. b5 {[%clk
0:26:45]} Kb8 {[%clk 0:09:57]} 51. Qc3 {[%clk 0:26:03]} Qe2+ {[%clk 0:09:24]} 52.
Ka3 {[%clk 0:26:30]} Qf1 {[%clk 0:07:26]} 53. Kb2 {[%clk 0:22:10]} Qf2+ {[%clk
0:06:54]} 54. Kb3 {[%clk 0:22:25]} Qf1 {[%clk 0:07:11]} 55. Ka3 {[%clk 0:22:18]}
Qb1 {[%clk 0:06:34]} 56. Qd2 {[%clk 0:20:42]} 1/2-1/2

[Event "Budimex Polish Women's Championship"]
[Site "www.chessmanager.com"]
[Date "2018.05.14"]
[Round "3"]
[White "Sliwicka, Alicja"]
[Black "Szczepkowska, Karina"]
[Result "0-1"]
[Board "4"]
[WhiteElo "2261"]
[WhiteTitle "WFM"]
[WhiteCountry "POL"]
[WhiteFideId "1150677"]
[WhiteEloChange "-6"]
[BlackElo "2404"]
[BlackTitle "IM"]
[BlackCountry "POL"]
[BlackFideId "1122681"]
[BlackEloChange "3"]

1. e4 {[%clk 1:30:56]} c5 {[%clk 1:30:55]} 2. Nf3 {[%clk 1:31:22]} Nc6 {[%clk
1:31:22]} 3. d4 {[%clk 1:31:43]} cxd4 {[%clk 1:31:47]} 4. Nxd4 {[%clk 1:32:08]}
e5 {[%clk 1:32:14]} 5. Nb5 {[%clk 1:32:16]} d6 {[%clk 1:32:38]} 6. a4 {[%clk
1:30:46]} Be6 {[%clk 1:30:20]} 7. N1c3 {[%clk 1:30:32]} a6 {[%clk 1:30:26]} 8.
Na3 {[%clk 1:30:54]} Rc8 {[%clk 1:30:42]} 9. Bc4 {[%clk 1:26:55]} Nd4 {[%clk
1:28:14]} 10. Bd5 {[%clk 1:18:29]} Qb6 {[%clk 1:26:09]} 11. O-O {[%clk 1:11:54]}
Nf6 {[%clk 1:26:14]} 12. Be3 {[%clk 1:02:18]} Be7 {[%clk 0:59:15]} 13. Ne2 {[%clk
0:54:32]} Bxd5 {[%clk 0:53:32]} 14. Nxd4 {[%clk 0:53:36]} Bxe4 {[%clk 0:50:17]}
15. Nf5 {[%clk 0:46:23]} Qc6 {[%clk 0:48:14]} 16. Nxg7+ {[%clk 0:45:06]} Kf8
{[%clk 0:45:58]} 17. f3 {[%clk 0:38:49]} Bxc2 {[%clk 0:34:50]} 18. Qd2 {[%clk
0:38:47]} Qd5 {[%clk 0:26:40]} 19. Qf2 {[%clk 0:33:27]} Kxg7 {[%clk 0:25:39]} 20.
Nxc2 {[%clk 0:33:43]} Rhg8 {[%clk 0:25:36]} 21. Rfd1 {[%clk 0:30:10]} Qb3 {[%clk
0:24:15]} 22. Ne1 {[%clk 0:29:46]} Kh8 {[%clk 0:23:55]} 23. Qd2 {[%clk 0:26:50]}
Rg6 {[%clk 0:22:11]} 24. Ra3 {[%clk 0:25:09]} Qe6 {[%clk 0:22:08]} 25. Rc3 {[%clk
0:24:37]} Rcg8 {[%clk 0:18:08]} 26. Rc7 {[%clk 0:23:17]} d5 {[%clk 0:18:29]} 27.
Rxb7 {[%clk 0:21:26]} d4 {[%clk 0:18:56]} 28. Bf2 {[%clk 0:21:41]} Nd5 {[%clk
0:17:49]} 29. Kh1 {[%clk 0:17:53]} Bg5 {[%clk 0:15:51]} 30. Qa5 {[%clk 0:14:50]}
Be3 {[%clk 0:13:53]} 31. Bxe3 {[%clk 0:11:33]} Nxe3 {[%clk 0:14:18]} 32. Rc1
{[%clk 0:11:24]} Nxg2 {[%clk 0:10:20]} 33. Nd3 {[%clk 0:11:50]} Rg5 {[%clk
0:08:26]} 34. Qc7 {[%clk 0:11:34]} Ne1 {[%clk 0:06:15]} 35. Rxe1 {[%clk 0:11:47]}
Qh3 {[%clk 0:06:31]} 0-1